000 01086nam a22001697a 4500
999 _c58833
_d58833
005 20221006105253.0
008 221006s2017 rus||||| |||| 00| 0 ru d
020 _a9785209080282
041 _arus
080 _a341.231.14.24(063) П-39
245 _a50 лет международным пактам о правах человека :
_bМатериалы научно-практической конференции Москва, 17 декабря 2016 г. /
_cОтветств. ред. А.Х. Абашидзе; Федеральное гос. автономн. образоват. учреждение высшего образования, Российский ун-т дружбы народов, Юридич. ин-т кафедра международного права
264 _aМосква:
_bРоссйский университет дружбы народов,
_c2017.
300 _a181 стр.;
_b20см.
653 _aადამიანის უფლებები
700 _aАбашидзе, А.Х.
_eრედაქტორი
_915073
942 _2udc
_cBK